German Bundesliga Logos - Statistics

General Stats
  • This quiz has been taken 921 times
    6 since last reset
  • The average score is 15 of 18
Answer Stats
Picture Answer % Correct
Bayer Leverkusen
100%
Bayern Munich
100%
Borussia Dortmund
100%
Eintracht Frankfurt
100%
Köln
100%
RB Leipzig
100%
Augsburg
83%
Borussia Mönchengladbach
83%
Freiburg
83%
Hamburger SV
83%
Hoffenheim
83%
Mainz 05
83%
Schalke 04
83%
Stuttgart
83%
Union Berlin
83%
Werder Bremen
83%
Paderborn 07
67%
Elversberg
33%
No matching quizzes found
Score Distribution
Percent of People with Each Score
Percentile by Number Answered
Your Score History
You have not taken this quiz since the last reset